|
|
|
|
| LEADER |
00000naa2a2200000 4500 |
| 001 |
235616 |
| 005 |
20260105120245.0 |
| 035 |
|
|
|a (RuTPU)RU\TPU\book\256756
|
| 035 |
|
|
|a RU\TPU\book\256740
|
| 090 |
|
|
|a 235616
|
| 100 |
|
|
|a 20130412d2011 k y0rusy50 ca
|
| 101 |
0 |
|
|a rus
|
| 102 |
|
|
|a RU
|
| 135 |
|
|
|a drnn ---uucaa
|
| 181 |
|
0 |
|a i
|
| 182 |
|
0 |
|a b
|
| 200 |
1 |
|
|a Проектирование и изготовление рамы зеркала
|f Н. С. Федотова, К. В. Корнева, А. П. Соколов
|
| 203 |
|
|
|a Текст
|c электронный
|
| 225 |
1 |
|
|a Дизайн и технология художественной обработки материалов
|
| 300 |
|
|
|a Заглавие с титульного экрана
|
| 320 |
|
|
|a [Библиогр.: с. 361 (4 назв.)]
|
| 337 |
|
|
|a Adobe Reader
|
| 461 |
|
1 |
|0 (RuTPU)RU\TPU\book\255301
|t Современные техника и технологии
|o сборник трудов XVII международной научно-практической конференции студентов, аспирантов и молодых ученых, Томск, 18-22 апреля 2011 г
|o в 3 т.
|f Национальный исследовательский Томский политехнический университет (ТПУ)
|d 2011
|
| 463 |
|
1 |
|0 (RuTPU)RU\TPU\book\255308
|t Т. 3
|v [С. 360-361]
|d 2011
|
| 610 |
1 |
|
|a труды учёных ТПУ
|
| 610 |
1 |
|
|a электронный ресурс
|
| 610 |
1 |
|
|a проектирование
|
| 610 |
1 |
|
|a изготовление
|
| 610 |
1 |
|
|a зеркала
|
| 610 |
1 |
|
|a рамы
|
| 610 |
1 |
|
|a обработка материалов
|
| 700 |
|
1 |
|a Федотова
|b Н. С.
|
| 701 |
|
1 |
|a Корнева
|b К. В.
|
| 701 |
|
1 |
|a Соколов
|b А. П.
|c специалист в области машиностроения
|c доцент Томского политехнического университета, кандидат технических наук
|f 1956-
|g Александр Петрович
|3 (RuTPU)RU\TPU\pers\26503
|9 12205
|
| 801 |
|
2 |
|a RU
|b 63413507
|c 20130416
|g RCR
|
| 856 |
4 |
|
|u http://www.lib.tpu.ru/fulltext/c/2011/C01/V03/174.pdf
|
| 942 |
|
|
|c CF
|